00637nam a2200205 a 4500003000900000005001700009007000300026008004100029020001500070040002500085082003000110100002800140245005000168250002700218260004500245300002100290500007800311650002300389650001900412DO-SdBNP20240306172149.0ta230221t19821983|||||||gr|||| 001 fdspa d a8422615444 aDO-SdBNPbspacBNPHU 4222aCh863.44bA432c, 19831 aAllende, Isabel,d1942-13aLa casa de los espíritus /cIsabel Allende. aedición no abreviada aEspaña :bCírculo de Lectores,c1983 a363 p. ;c21 cm. aIncluye datos biográficos de la autora en la solapa de la contraportada 4aLiteratura chilena 4aNovela chilena